00435nam a2200157Ia 4500008004100000040001900041041001200060082002000072100001800092245007200110260002800182300002400210650000800234700002100242850001400263131103s9999 xx 000 0 und d aLoreto College aEnglish aREFbLCBED/2746 aEdwards, E.M. aUseful animals of the worldb book 12 cE.M.Edwards & L.J.F.Brimble aLondonbMacmillanc1960 a32p.b pic.c 20cm. aREF aBrimble, L.J.F. aLCBED/REF